[Event "RUS-chT 09th Group1"]
[Site "Ekaterinburg"]
[Date "2002.05.17"]
[Round "1"]
[White "Motylev, Alexander"]
[Black "Makarov, Marat"]
[Result "1-0"]
[WhiteElo "2622"]
[BlackElo "2523"]
[Annotator "Ftacnik,L"]
[PlyCount "53"]
[EventDate "2002.05.17"]
[EventType "team-tourn"]
[EventRounds "7"]
[EventCountry "RUS"]
[SourceTitle "CBM 090"]
[Source "ChessBase"]
[SourceDate "2002.09.20"]
[SourceVersion "1"]
[SourceVersionDate "2002.09.20"]
[SourceQuality "1"]
[WhiteTeam "Tyumen Gazovik"]
[BlackTeam "Novosibirsk Transsib"]
[WhiteTeamCountry "RUS"]
[BlackTeamCountry "RUS"]

1. e4 c5 2. Nf3 d6 3. d4 cxd4 4. Nxd4 Nf6 5. Nc3 a6 6. f3 e5 7. Nb3 Be6 8. Be3
Nbd7 9. g4 b5 10. g5 b4 11. Ne2 Nh5 12. Qd2 a5 13. Ng3 Nxg3 14. hxg3 a4 15. Nc1
Qa5 16. f4 exf4 $6 {Very dubious idea of giving up the center for the
immediate counterplay, black has much better alternative in 16...g6!} (16... g6
$1 17. Nd3 (17. Bg2 Bg7 18. f5 gxf5 19. exf5 Bxf5 20. Bxa8 (20. O-O e4 21. Qxd6
Be5 22. Qc6 Ra6 23. Qc8+ Ke7 24. Qc4 {1-0 Zakurdjaeva,I-Batsiashvili,N/Baku/
2002/ (39)}) 20... Qxa8 21. O-O Bh3 22. Rf2 d5 23. Qe2 Be6 24. Bd2 e4 25. Bxb4
Bxb2 26. Rb1 Be5 {0-1 Zakurdjaeva,I-Dzagnidze,N/Baku/2002/ (35)}) 17... Bg7 18.
a3 bxa3 19. Qxa5 Rxa5 20. Rxa3 O-O (20... f5 21. gxf6 Nxf6 22. Bg2 O-O 23. fxe5
Ng4 24. Bd2 Rb5 25. exd6 Bxb2 26. Rxa4 {1-0 Nijboer,F-Sadvakasov,D/Amsterdam
2002/ (42)}) (20... d5 21. Bg2 d4 22. Bd2 Ra7 23. Bb4 Bf8 24. b3 Bxb4+ 25. Nxb4
Nb6 26. O-O O-O 27. fxe5 Rd7 28. Rd1 axb3 29. cxb3 Rc8 {0-1 Paehtz,T-Fressinet,
L/Cappelle la Grande 2001/ (52)}) 21. Bg2 Rc8 22. Kd2 exf4 23. gxf4 Rb5 24. Rb1
Nb6 25. Bxb6 Rxb6 26. Bf3 h6 {0-1 Nijboer,F-L'Ami,E/Dieren 2002/ (43)}) (16...
Nb6 17. f5 Nc4 18. Qf2 b3+ 19. c3 Nxe3 20. Qxe3 Bd7 21. axb3 d5 22. b4 Bxb4 23.
Nb3 Qd8 24. exd5 O-O 25. Nd2 Be7 26. f6 gxf6 27. Qe4 {1-0 Smirnov,P-Yandarbiev,
R/Samara 2002/ (27)}) 17. gxf4 d5 18. f5 (18. Ne2 dxe4 19. Nd4 Bc5 20. Nxe6
fxe6 21. O-O-O O-O-O 22. Bc4 Qb6 23. Bxc5 Nxc5 24. Qe2 Rxd1+ 25. Rxd1 Rd8 {
0-1 Blehm,P-Bobras,P/Warsaw 2002/ (36)}) (18. Bg2 Nb6 19. Bxb6 Qxb6 20. exd5
Bg4 21. Nd3 Bc5 22. Bh3 Bxh3 23. Rxh3 O-O 24. Ne5 b3 25. Qd3 {1-0 Alonso,
S-Calaf Rellver,G/Sitges 2001/ (29)}) 18... Ne5 19. Qf2 b3+ (19... Ng4 20. Qf4
Nxe3 21. fxe6 Qa7 22. exf7+ Kd8 23. g6 Nxc2+ 24. Kd2 b3 25. Nd3 h6 26. Rh5 {
1-0 Rodriguez Guerrero,E-Herrera,I/Mancha Real 2002/ (35)}) 20. Bd2 (20. c3 Ng4
21. Qf4 Nxe3 22. Qxe3 $16) 20... Bb4 21. c3 (21. fxe6 $2 Bxd2+ $19) 21... a3 {
[%mdl 4] Black has obviously overstretched his forces, but this active move
leads at least to very attractive complications.} (21... Bc5 22. Qg2 (22. Qg3
dxe4 23. fxe6 Nf3+ 24. Ke2 O-O-O $17) 22... Bd7 (22... dxe4 23. Qxe4 $18) 23.
axb3 dxe4 24. b4 $18) 22. axb3 (22. cxb4 axb2 23. bxa5 bxa1=Q 24. fxe6 O-O (
24... b2 25. exf7+ Nxf7 26. Bb5+ Ke7 27. Qc5+ $18) 25. Qf5 g6 26. Qh3 h5 27.
axb3 $18) (22. bxa3 $2 Bc5 23. Qg3 b2 $13) 22... axb2 (22... Ng4 23. Qe2 axb2
24. Rxa5 Bxa5 25. fxe6 b1=Q 26. Qb5+ Kf8 27. Bd3 Qa1 28. Qd7 $18) 23. Rxa5 Bxa5
(23... Rxa5 24. cxb4 b1=Q (24... Ra1 25. Qf4 Rxc1+ 26. Bxc1 b1=Q 27. fxe6 $18)
25. Qf4 Qxe4+ 26. Qxe4 dxe4 27. bxa5 $18) 24. fxe6 b1=Q (24... fxe6 25. Bb5+
Kd8 26. Qc5 b1=Q 27. Qd6+ Kc8 28. Qxe6+ Kc7 29. Qxe5+ Kb6 30. Qd6+ Kxb5 31. c4+
$18) 25. Bb5+ {Makarov will go under for an understandable reason, that his
king is simply too vulnerable.} Kf8 (25... Kd8 26. e7+ Kxe7 27. Qc5+ Kd8 28.
Qxd5+ Kc7 29. Qxe5+ $18) 26. Qc5+ Kg8 27. Qxd5 (27. Qxd5 Rc8 28. exf7+ Nxf7 29.
Rf1 $18) 1-0

[Event "EU-chT (Men) 21st"]
[Site "Heraklion"]
[Date "2017.10.30"]
[Round "3.1"]
[White "Leko, Peter"]
[Black "Giri, Anish"]
[Result "1/2-1/2"]
[WhiteElo "2679"]
[BlackElo "2762"]
[Annotator "Ftacnik,L"]
[PlyCount "62"]
[EventDate "2017.10.28"]
[EventType "team-swiss"]
[EventRounds "9"]
[EventCountry "GRE"]
[SourceTitle "CBM 182"]
[Source "ChessBase"]
[SourceDate "2018.01.17"]
[SourceVersion "1"]
[SourceVersionDate "2018.01.17"]
[SourceQuality "1"]
[WhiteTeam "Hungary"]
[BlackTeam "Netherlands"]
[WhiteTeamCountry "HUN"]
[BlackTeamCountry "NED"]

1. e4 c5 2. Nf3 d6 3. d4 cxd4 4. Nxd4 Nf6 5. Nc3 a6 6. f3 e5 7. Nb3 Be6 8. Be3
Be7 9. Qd2 O-O 10. O-O-O Nbd7 11. g4 b5 12. g5 Nh5 13. Kb1 Nb6 14. Na5 Rc8 15.
Nd5 {White is more or less forced to justify his knight move to a5 with a pawn
sacrifice.} (15. Nb7 Qc7 16. Na5 Rfe8 17. Nd5 Nxd5 18. exd5 Bxd5 19. Qxd5 Qxa5
20. Bd3 g6 21. c4 Nf4 22. Bxf4 exf4 23. Rhe1 Rc5 24. Qd4 Rxg5 25. Qxf4 b4 26.
Be4 Kg7 27. Bc6 Rg2 28. Bxe8 Bf6 {1/2-1/2 (63) Szelag,M (2461)-Jakubowski,K 
(2508) Dzwirzyno 2004} 29. Rxd6 $16) 15... Nxd5 16. exd5 Bxd5 17. Qxd5 Qxa5 18.
c4 {[%mdl 4] It seems very logical to exploit the misplaced nature of the
black pieces on a5 and h5.The downside of the operation lies in the fact, that
White is weakening the paan cover of his king on the queenside.} (18. Bh3 Rc4
19. Bg4 Nf4 20. Bxf4 Rxf4 21. Qb7 Bxg5 22. Rxd6 e4 23. Qd5 Bf6 $17 {0-1 (35)
Moradi,B (2195)-Darini,P (2527) Hamedan 2016}) 18... Nf4 (18... Rb8 19. Bd3 g6
20. h4 (20. Rc1 Nf4 21. Bxf4 exf4 22. cxb5 axb5 23. h4 Ra8 24. Bxb5 Rab8 25. a4
Rbc8 26. h5 Rxc1+ 27. Rxc1 Qd8 28. hxg6 hxg6 29. Bd3 {1-0 (29) Ponomariov,R 
(2721)-Almagro Mazariegos,S (2311) Villarrobledo 2006}) 20... Qb4 21. Bd2 Qc5
22. Qxc5 dxc5 23. Rhe1 f6 24. f4 Rbd8 25. Ba5 Rd4 26. fxe5 fxg5 27. cxb5 Nf4
28. Bf1 axb5 $11 {1-0 (49) Sokolov,A (2580)-King,D (2535) Switzerland 1997})
19. Bxf4 exf4 20. cxb5 {Good old Nimzowitsch insisted that often the threat is
stronger than its execution. The slightly more challenging move 20.h4 has to
be treated with care, but the chances would remain balanced.} (20. h4 Qa4 (
20... Rc5 21. Qd4 Rd8 (21... bxc4 22. Bxc4 Rfc8 23. Bb3 Bf8 24. Qxf4 Rf5 25.
Qe4 Rcc5 26. Qa8 Qc7 27. Qxa6 Rxf3 {1-0 (31) Guennigmann,M (2133)-Antipov,M 
(2208) Moscow 2009} 28. Rhf1 $16) 22. Qxf4 d5 $11) 21. b3 Qb4 22. Bd3 bxc4 23.
Qe4 g6 24. Bxc4 Qc3 25. Rc1 Qe5 26. Rhe1 Rfe8 27. Qxe5 dxe5 28. Rxe5 $14 {
1/2-1/2 (47) Kryvoruchko,Y (2693)-Van Wely,L (2674) Monzon 2016}) (20. Bd3 g6
21. cxb5 axb5 22. h4 Rc5 23. Qe4 Ra8 24. a3 Bf8 25. Qxf4 Bg7 26. Qb4 Qb6 27.
Be4 Ra4 28. Qb3 $11 {1-0 (35) Predein,V (2386)-Ivanov,S (2003) Izhevsk 2014})
20... axb5 21. h4 {Very few players would be brave enough to contemplate
taking on b5 as it opens up access to the white king.} (21. Qxb5 $6 Qc7 22. Bd3
Rb8 23. Qc4 Qb6 24. b3 Bxg5 $15) 21... Rc5 22. Qb3 {Leko prefers a cautious
retreat as the ctralisation of the queen loses control of the a2-square.} (22.
Qd4 Ra8 23. a3 Qa7 24. Bd3 b4 $17) 22... d5 23. Be2 (23. Rh2 Rfc8 24. a3 $11)
23... Rd8 {In our times the computer knows best and indeed the suggestion of
improvement with 23...b4! could indeed create some problems for White.} (23...
b4 $1 24. Rhe1 Rfc8 25. Bd3 Bf8 $15) 24. Rd4 Qb6 (24... Qc7 25. Bxb5 f6 $1 $11)
25. Rhd1 h6 {Giri manages to activate his kingside and compensate for the
pressure against his pawns on b5 and d5.} 26. Rxf4 (26. Rxd5 $2 Qg6+ $1 27.
R5d3 hxg5 $15) 26... hxg5 27. hxg5 Bxg5 28. Rb4 Rdc8 {Silicon engine brain
prefers ...Qc7, but Black is doing fine with normal active moves.} (28... Qc7
29. a3 g6 30. Bxb5 Qh2 $11) 29. a3 Rc1+ 30. Ka2 Qf2 31. Bxb5 Rxd1 {Black has
missed the most exact move with 31...Be7, but the fight terminated with a draw
by agreement just after 30 move rule.} (31... Be7 $142 $1 32. Bd7 Bxb4 33. Bxc8
Rxd1 34. Qxd1 Bxa3 35. Kxa3 Qa7+ $11) (31... Rxd1 32. Qxd1 Rd8 33. Bd3 $14)
1/2-1/2

[Event "POL-ch 59th"]
[Site "Warsaw"]
[Date "2002.05.09"]
[Round "10"]
[White "Blehm, Pawel"]
[Black "Kempinski, Robert"]
[Result "0-1"]
[WhiteElo "2547"]
[BlackElo "2570"]
[Annotator "Ftacnik,L"]
[PlyCount "90"]
[EventDate "2002.04.29"]
[EventType "tourn"]
[EventRounds "13"]
[EventCountry "POL"]
[EventCategory "10"]
[SourceTitle "CBM 089"]
[Source "ChessBase"]
[SourceDate "2002.08.12"]
[SourceVersion "1"]
[SourceVersionDate "2002.08.12"]
[SourceQuality "1"]

1. e4 c5 2. Nf3 d6 3. d4 cxd4 4. Nxd4 Nf6 5. Nc3 a6 6. Be3 Ng4 7. Bg5 h6 8. Bh4
g5 9. Bg3 Bg7 10. Be2 h5 11. Bxg4 Bxg4 12. f3 Bd7 13. Bf2 Nc6 14. O-O e6 15.
Nde2 Qe7 16. Na4 Ne5 17. Nb6 Rd8 18. Bd4 Bc6 19. c4 Rg8 20. Nc3 g4 21. f4 $1 h4
22. Re1 {[%mdl 4] Leaving the black knight on e5 was not a very clever idea,
since white could have strived for great advantage with the timely jump of the
own knight to d5 in quite a few lines.} (22. fxe5 $5 dxe5 23. Nbd5 $1 exd5 (
23... Bxd5 24. Bb6 $1 Bxc4 25. Bxd8 Qc5+ 26. Kh1 Bxf1 27. Qxf1 Kxd8 28. Qxf7
$18) (23... exd4 24. Nxe7 dxc3 25. Qxd8+ Kxd8 26. Nxg8 $18) 24. Bb6 Rc8 25.
exd5 Bd7 26. Ne4 Rxc4 27. Bc5 Rxc5 28. d6 Qd8 29. Nxc5 $16) (22. b4 Nd7 23.
Nxd7 Qxd7 24. Bxg7 Rxg7 25. Qd4 Rg8 26. Rad1 $14) 22... g3 23. h3 (23. fxe5
dxe5 24. Nbd5 exd5 25. exd5 gxh2+ 26. Kxh2 Qg5 27. Qf3 $14) 23... Kf8 24. b4 (
24. fxe5 $1 dxe5 25. Nbd5 exd5 26. exd5 Bd7 27. Qb3 $16) 24... Ng6 25. f5 (25.
b5 $1 Bxd4+ 26. Qxd4 Be8 (26... e5 27. fxe5 dxe5 28. Qe3 axb5 29. cxb5 $16) 27.
Rad1 $14) 25... Nf4 26. Rf1 (26. Bxg7+ Rxg7 27. Qf3 Qf6 $1 (27... Qc7 28. Qxf4
Qxb6+ 29. Kh1 Qxb4 30. Qxh4 Rc8 31. Qh8+ Rg8 32. Qh6+ Ke8 33. Nd5 $16) 28. b5
Qd4+ 29. Qe3 Qxe3+ 30. Rxe3 Be8 $11) 26... Be5 27. b5 (27. fxe6 $1 Nxe6 (27...
fxe6 28. Ne2 $16) 28. Bxe5 dxe5 29. Nbd5 Qg5 30. Rf5 $14) 27... Qf6 (27... Be8)
28. Bxe5 dxe5 29. Qf3 Qe7 $2 {Kempinski is full of optimism, but his position
is not so rosy despite the cramped location of the white's king.} (29... axb5
30. cxb5 Be8 $11) 30. bxc6 (30. Qe3 Rd3 $17) 30... Qc5+ (30... Rd3 $2 31. Nd7+
Ke8 32. cxb7 Kxd7 33. Rad1 $18) 31. Kh1 Qxb6 32. fxe6 (32. cxb7 $1 Qxb7 (32...
Rd3 33. Rfb1 $18) 33. fxe6 $16) 32... bxc6 33. Rab1 (33. Rad1 Rg6 34. Na4 Qc7
35. Qa3+ Kg7 36. exf7 Kxf7 37. Nc3 $14) 33... Qa7 34. Rbd1 (34. exf7 Rg7 35.
Rbd1 Rxd1 36. Qxd1 Qd4 $1 $17) 34... Rxd1 35. Qxd1 Qe7 (35... fxe6 $2 36. Qd6+
Ke8 37. Qxe5 $18) 36. Qd2 $2 {The last serious mistake as white queen is not
doing anything useful on d2 and black can use his tactical prowess.} (36. exf7
Rg6 37. Qb3 $1 Rf6 38. Qb8+ Kxf7 39. Qh8 Nd3 $11) 36... Rg6 37. exf7 Nxh3 $1
38. Nd1 (38. gxh3 g2+ 39. Qxg2 Rxg2 40. Kxg2 Qg5+ 41. Kh1 Qe3 $19) 38... Nf4
39. Ne3 h3 40. Kg1 (40. Rf3 Rd6 $1 (40... hxg2+ 41. Nxg2 Rh6+ 42. Kg1 Nh3+ 43.
Kf1 Ng5 44. Rf5 $17) 41. Qb2 hxg2+ 42. Kg1 Qh4 $19) 40... hxg2 41. Rxf4 (41.
Nxg2 Nh3+ 42. Kh1 Nf2+ 43. Kg1 Rf6 $19) 41... exf4 42. Nf5 Qxe4 43. Qd8+ Kxf7
44. Nd6+ Rxd6 45. Qxd6 Qxc4 0-1

[Event "ARM-ROW m"]
[Site "Moscow"]
[Date "2004.06.10"]
[Round "1"]
[White "Svidler, Peter"]
[Black "Gelfand, Boris"]
[Result "1-0"]
[WhiteElo "2733"]
[BlackElo "2714"]
[Annotator "Ftacnik,L"]
[PlyCount "103"]
[EventDate "2004.06.10"]
[EventType "team"]
[EventRounds "6"]
[EventCountry "RUS"]
[SourceTitle "CBM 102"]
[Source "ChessBase"]
[SourceDate "2004.09.23"]
[SourceVersion "1"]
[SourceVersionDate "2004.09.23"]
[SourceQuality "1"]
[WhiteTeam "Rest of the World"]
[BlackTeam "Armenia"]
[BlackTeamCountry "ARM"]

1. e4 c5 2. Nf3 d6 3. d4 cxd4 4. Nxd4 Nf6 5. Nc3 a6 6. Be3 e5 7. Nb3 Be6 8. Qd2
Nbd7 9. f3 b5 10. O-O-O Nb6 11. Qf2 Nfd7 12. f4 Rc8 13. f5 Bc4 14. Bxc4 Rxc4 {
Gelfand doesn't want to lose control of the d5 square.} (14... bxc4 15. Nd2 Be7
16. h4 $14) (14... Nxc4 15. Nd5 Nf6 16. Nxf6+ Qxf6 17. g4 Qe7 18. g5 Qc7 19.
Rhe1 Be7 20. f6 $14) 15. Qd2 Qc8 (15... Rc8 16. Bg5 Qc7 17. Rhe1 b4 18. Nd5
Nxd5 19. exd5 Be7 20. Bxe7 Kxe7 $11) 16. Na5 Rc7 17. g4 Be7 (17... b4 18. Nd5
Nxd5 19. exd5 Be7 20. Kb1 $14) 18. g5 Rxc3 $6 {This sacrifice is going too far
as black doesn't have enough attacking pieces on the queenside and also his
development is not finished yet.} (18... b4 19. Nd5 Nxd5 20. exd5 f6 21. h4 $14
) 19. Qxc3 (19. bxc3 Na4 20. c4 Ndc5 $14) 19... Qxc3 20. bxc3 d5 (20... Na4 21.
Nb7 $1 d5 (21... Nxc3 22. Nxd6+ Kf8 23. Rd3 Nxa2+ 24. Kb2 Nb4 25. Rc3 $18) 22.
Rxd5 Nxc3 23. Nd6+ Bxd6 24. Rxd6 $18) 21. exd5 Ba3+ 22. Kb1 $1 (22. Kd2 Nxd5
23. Nb7 Ke7 24. Rhe1 Rc8 $44) 22... Na4 23. c4 (23. Bd2 Ndb6 24. c4 Nxc4 25.
Nxc4 bxc4 26. c3 Kd7 27. Kc2 Kd6 28. Rhf1 $16) 23... Nc3+ 24. Ka1 Bb4 (24...
Nxd1 25. Rxd1 g6 26. cxb5 axb5 27. Rd3 $16) 25. Nc6 Nxd1 26. Rxd1 Bc3+ 27. Kb1
bxc4 28. Rg1 h5 {Despite material balance black is in great trouble, since
with c4 pawn he would lose the house. The bishop on c3 is rather vulnerable.} (
28... g6 29. Rg4 gxf5 30. Rxc4 $18) 29. a4 (29. Kc1 $5 Rh7 30. Bf2 $16) 29...
e4 (29... O-O 30. Ka2 e4 31. Rb1 Ne5 32. Rb6 $16) 30. Ka2 Ne5 31. Rb1 Kd7 (
31... Nxc6 32. dxc6 Be5 (32... O-O 33. Bf4 Ba5 34. c7 e3 35. Bd6 $18) 33. h3
O-O 34. Rb4 $16) 32. Rb6 $6 {Both players have missed the great tactical shot
32.Bd2! with an immediate solution.} (32. Bd2 $1 Bxd2 (32... Nxc6 33. dxc6+
Kxc6 34. Bxc3 $18) 33. Nxe5+ Kc7 (33... Ke7 34. Rb7+ $18) (33... Kc8 34. Nxf7
Rf8 35. Nd6+ Kd7 36. Nxe4 $18) 34. d6+ Kc8 35. Rb6 $18) 32... Rc8 33. Nb8+ Ke8
(33... Kc7 34. Nxa6+ Kd8 35. Nc5 $18) 34. h3 Nd7 (34... a5 35. Rb7 Rd8 36. Na6
Bb4 37. Bb6 Rd6 38. Rb8+ Kd7 39. c3 Bxc3 40. Nc5+ Ke7 41. f6+ gxf6 42. gxf6+
$18) 35. Nxd7 Kxd7 36. Rxa6 Rb8 (36... Be5 37. g6 fxg6 38. fxg6 Rf8 39. Re6 $18
) 37. Rc6 Rc8 38. Rxc8 Kxc8 39. Kb1 $1 {Once again a very good move since
white king has to fight his way into the center.} g6 (39... Kd7 40. Bf4 Bb4 41.
Kc1 Bd6 42. Bxd6 Kxd6 43. Kd2 Kxd5 44. Ke3 $18) 40. fxg6 fxg6 41. Kc1 Kd7 42.
Bf4 Ba5 43. Kd1 c3 44. Ke2 Bb6 45. Be5 Ke7 46. Bxc3 Kd6 47. a5 Bc5 48. Bd2 Kxd5
49. Be3 Be7 50. a6 Kc6 51. a7 Kb7 52. Kd2 1-0

[Event "FIDE-Wch k.o."]
[Site "Tripoli"]
[Date "2004.06.22"]
[Round "2.4"]
[White "Almasi, Zoltan"]
[Black "Vallejo Pons, Francisco"]
[Result "1-0"]
[WhiteElo "2631"]
[BlackElo "2666"]
[Annotator "Ftacnik,L"]
[PlyCount "125"]
[EventDate "2004.06.19"]
[EventType "k.o."]
[EventRounds "7"]
[EventCountry "LBY"]
[SourceTitle "CBM 102"]
[Source "ChessBase"]
[SourceDate "2004.09.23"]
[SourceVersion "1"]
[SourceVersionDate "2004.09.23"]
[SourceQuality "1"]

1. e4 c5 2. Nf3 d6 3. d4 cxd4 4. Nxd4 Nf6 5. Nc3 a6 6. Be3 e5 7. Nb3 Be7 8. f3
Be6 9. Qd2 O-O 10. O-O-O Nbd7 11. g4 b5 12. g5 b4 13. Ne2 Ne8 14. f4 a5 15. Kb1
a4 16. Nbc1 exf4 (16... b3 17. f5 bxa2+ 18. Ka1 Bc4 19. Nc3 Rc8 20. h4 Kh8 21.
h5 a3 22. b3 Bxf1 23. Rhxf1 Rxc3 24. Qxc3 Bxg5 25. Nxa2 Bxe3 26. Qxe3 Qc7 {
1-0 Bruzon Bautista,L-Vera,R/Havana 2003/ (38)}) 17. Nxf4 (17. Bxf4 Nc5 (17...
b3 18. Nd4 bxa2+ 19. Nxa2 Nc5 20. Bg2 Qd7 21. Nb4 Rb8 22. Ndc6 Rb6 23. e5 d5
24. Bxd5 Nc7 25. Bf3 {1-0 Perez,R-Adla,D/Pontevedra 2003/ (34)}) 18. Qe3 (18.
Bg2 b3 19. cxb3 axb3 20. a3 d5 21. Nd4 Nd6 22. exd5 Bg4 23. Rde1 Qd7 24. Qb4
Bf5+ 25. Ka1 Rfb8 26. Qxc5 Nc4 {0-1 Svidler,P-Vallejo Pons,F/Monaco 2004/ (30)}
) 18... b3 19. cxb3 axb3 20. a3 Qc8 21. Nd4 d5 22. Ncxb3 Nxe4 23. Rc1 Qd7 24.
Bb5 Qa7 25. Bc6 Rd8 26. h4 {1-0 Kalezic,B-Djukanovic,S/Bijelo Polje 2004/ (44)}
) 17... Bxg5 18. Nxe6 (18. Rg1 Bf6 19. Nh5 b3 20. cxb3 axb3 21. a3 Rc8 22.
Nxf6+ Ndxf6 23. Bd4 g6 24. Qf4 Nd7 25. Rg3 Qa5 26. Bc3 Qa4 {0-1 Mastrovasilis,
D-Sakaev,K/Tripoli 2004/ (61)}) 18... Bxe3 19. Nxd8 (19. Qxe3 fxe6 20. Bb5 Ndf6
$17) 19... Bxd2 20. Rxd2 Rxd8 21. Rd4 {Almasi can only hope to get better
chances if his bishop will become stronger than the black knight.} Nef6 (21...
Rb8 22. Nd3 Ne5 23. Rxb4 Rxb4 24. Nxb4 Nf6 25. Bg2 Neg4 $13) 22. Rxb4 Nc5 23.
Bg2 Rfe8 24. Re1 Nd5 (24... Rb8 $5 25. Rxb8 Rxb8 26. Nd3 a3 27. b3 Re8 $11) 25.
Rd4 Nf4 26. Bf3 (26. Bh1 f6 27. Nd3 $11) 26... g5 (26... Nfe6 27. Rd5 (27. Rc4
Ng5 28. Bg2 f5 29. e5 Nge4 $17) 27... f6 28. h4 Nf4 29. Rd4 Kf7 $13) 27. Rg1 f6
28. Nd3 Nfxd3 $2 {[%mdl 16384] Reckless move that improves white's pawn
structure, black is worse.} (28... Nfe6 29. Rc4 Rb8 $13) 29. cxd3 Kf8 (29... d5
30. exd5 Re3 31. Rg3 Kh8 (31... Nxd3 32. Bd1 Rxg3 33. hxg3 $16) 32. Be4 Re1+
33. Kc2 Re2+ 34. Kc3 Rc8 35. Rc4 Nxe4+ 36. dxe4 Rxc4+ 37. Kxc4 Rxe4+ 38. Kd3
Re5 39. Kd4 Kg7 $14) 30. Bg4 Ke7 (30... d5 31. Rc1 $16) 31. Rg3 h5 (31... d5
32. exd5 (32. Rh3 $6 dxe4 33. Rxh7+ Kf8 $11) 32... Kd6 33. Rf3 Re1+ 34. Kc2 Rf8
35. Rb4 $16) 32. Bf5 (32. Bxh5 Rh8 33. Bd1 (33. Rh3 Ne6 34. Rxa4 Nf4 $17) 33...
Rxh2 34. Bxa4 Rh1+ 35. Kc2 Rc8 36. Rc4 Nxe4 $1 $11) 32... Rb8 33. Rc4 h4 34.
Re3 a3 (34... Rb5 35. d4 Ne6 36. Rxa4 $16) 35. b3 Rb7 36. d4 Ne6 (36... Nd7 37.
Kc2 Nb6 38. Rc6 $16) 37. Kc2 Reb8 38. Kc3 Kf7 39. Rc6 Nc7 40. Kd3 Ke7 (40...
Nb5 41. Re2 Re7 42. Rf2 $16) 41. Re2 Ra7 42. e5 $1 {The complete triumph of
white's gradualist strategy. All his pieces are stronger and black king is
simply lucky not to be mated.} dxe5 43. dxe5 fxe5 (43... Rd8+ 44. Kc4 fxe5 45.
Rxe5+ Kf8 46. Bd3 $16) 44. Rxe5+ Kf8 45. Kc4 (45. Be4 $1 Na6 46. Rf6+ Kg7 47.
Rf2 Kh6 48. Re6+ Kh5 49. Bf3+ g4 50. Re5+ Kg6 51. Be4+ Kg7 52. Rg5+ Kh6 53.
Rxg4 $18) 45... Rab7 (45... Re8 $1 46. Rcc5 $1 (46. Rxe8+ Nxe8 47. Kb4 Rf7 48.
Bg6 Rf4+ 49. Kxa3 Nf6 50. b4 g4 51. b5 g3 $11) 46... Rxe5 47. Rxe5 Ne8 48. Bg6
Nd6+ 49. Kb4 $16) 46. Bd3 g4 (46... Rb5 47. Rf6+ Kg7 48. Rg6+ Kf7 49. Rexg5 $18
) 47. Rf6+ (47. Rh5 Ne8 48. Rxh4 $16) 47... Kg7 48. Rg6+ Kf7 49. Rh5 Rg8 {
Vallejo will now lose two pawns and his position becomes resignable.} (49... h3
50. Rh7+ Kf8 51. Rh8+ $1 Kf7 52. Rxb8 Rxb8 53. Rxg4 $18) 50. Rh7+ Kf8 51. Rxg8+
Kxg8 52. Rxh4 Na6 53. Rxg4+ Kf7 54. Kc3 Nc5 (54... Rc7+ 55. Rc4 Ke7 56. Rxc7+
Nxc7 57. b4 $18) 55. b4 (55. Bc4+ Kf6 56. h4 $18) 55... Na4+ (55... Nxd3 56.
Kxd3 Rb5 57. Kc3 Rf5 58. Rg3 Rf2 59. Kb3 Rxh2 60. Kxa3 $18) 56. Kb3 Nc5+ 57.
Kc2 Na4 58. Bc4+ Kf6 59. Kb3 Kf5 60. h3 Nb6 61. Kxa3 Re7 62. Bd3+ Kf6 63. Rg6+
1-0